000 00594cam a22002171 4500
001 med47001814
003 DLC
005 20260227111603.0
008 810815m19461946xx a 000 0 ita
010 _amed47001814
035 _a(OCoLC)14729054
040 _aDLC
_cDNLM
_dDLC
042 _apremarc
050 0 0 _aRB111
_b.F4 1946
060 0 _aWB 100
_bF393c 1946
100 1 _aFerrio, Luigi.
245 1 0 _aCompendio di patologia medica e terapia.
250 _a4. ed., riveduta e ampliata ...
260 _aTorino,
_bUnione tipografico-editrice torinese,
_c1946.
300 _a2 v.
_bill.
999 _c38420
_d38420